00788 2200229 4500001002100000005001700021008004100038035002500079040001200104082001500116084002000131100002000151245015100171260007100322300003300393500005100426504002900477650001000506700001200516850001200528990001800540INLIS00000000000912920150806141212.0  a0010-081500000000567 aYOPDYOG 223a616.34 aSK 616.34 Yat H aYATNO Umbu Kada aHubungan pola pemberian air susu ibu dengan kejadian diare pada anak usia di bawah dua tahun ( BADUTA ) di puskesmas Kotagede Ic/ Yatno Umbu Kada aYogyakartabSekolah Tinggi Ilmu Kesehatan Respati Yogyakartac2008 axvii, 55 lembar.c; 29,5 cm. aSkripsi Program Studi S-1 Kesehatan Masyarakat aBibliografi : hlm. 53-55 aDiare aRODIYAH aYOPDYOG a47393-PD/A.15